00233nam a2200097Ia 4500008004000000082001600040100001700056245001400073260004000087300000800127210210b1988 xxu||||| |||| 00| 0 eng d a158.12 LIND aLINK (Mark). aDecision. aBombaybSt. Paul Publicationsc1988 a154